Pulau Hutan Bakar

Bibliographic Details
Main Author: Sidang Pengarang
Format: Book
Published: PJ : Sama Pub , 2008
Series:Himpunan novel remaja gemilang
Subjects:

MARC

LEADER 00000cam a2200000 7i4500
001 0000032202
005 20151222.0
008 120524
020 |a 9675084041 
090 0 0 |a JF   |b MAL 
100 0 |a Sidang Pengarang 
245 1 0 |a Pulau Hutan Bakar   |c Sidang Pengarang 
260 |a PJ :   |b Sama Pub ,   |c 2008 
440 |a Himpunan novel remaja gemilang 
500 |a Children ages 10-12 years old (pink) 
650 0 |a Malay fiction 
999 |a 0001137237   |b Book   |c Children Collection   |e Cawangan Kota Tinggi 
999 |a 0001137239   |b Book   |c Children Collection   |e Cawangan Mersing 
999 |a 0001137240   |b Book   |c Children Collection   |e Perbadanan Perpustakaan Awam Johor 
999 |a 0001137241   |b Book   |c Children Collection   |e Perbadanan Perpustakaan Awam Johor